00851nam a2200253 i 4500003000900000005001700009007000300026008004100029040003000070082001300100100003300113245007800146264003900224300004100263336002700304337003300331338002800364490003300392650002400425650002400449650002700473650002400500710007300524DO-SdBNP20240412074311.0ta110117s198? dr a 000 j spa d aDO-SdBNPbspacBNPHUerda bN322222 aNavarro Castellanos, Alfonso13aDescripción del Sine :báreas y etapas /cAlfonso Navarro Castellanos 1aSanto Domingo :bCEVREST,c[198-]. a57 páginasbilustraciones c21 cm. 2rdacontentatextobtxt 2rdamediaasin mediaciónbn 2rdacarrieravolumenbnc1 aPublicaciones del CEVRESTv2 0aCuentos dominicanos 0aPoesía dominicana 0aLiteratura dominicana. 4aLiteratura infantil aCentro de la Nueva Evangelización "Santísima Trinidad" (CEVREST)